Normal view
MARC view
- الشعر العربي-العصر الأموي- تاريخ و نقد - الفرزدق - جرير
Entry Topical Term
001 - CONTROL NUMBER
- control field: 23769
003 - CONTROL NUMBER IDENTIFIER
- control field: JO-AjAnu
005 - DATE AND TIME OF LATEST TRANSACTION
- control field: 20230606074101.0
008 - FIXED-LENGTH DATA ELEMENTS
- fixed length control field: 230606|| aca||aabn | a|a d
040 ## - CATALOGING SOURCE
- Original cataloging agency: JO-AjAnu
- Transcribing agency: JO-AjAnu
150 ## - HEADING--TOPICAL TERM
- Topical term or geographic name entry element: الشعر العربي-العصر الأموي- تاريخ و نقد - الفرزدق - جرير
670 ## - SOURCE DATA FOUND
- Source citation: Work cat.: (JO-AjAnu)12219: البعاج،مزاحم علي عشيش تأليف/الديارنة،عمر محمد مراجعة, author 23768, صورة المرأة في شعر الأخطل وجرير والفرزدق (العصر الأموي)